| 000 | 00976nam a22002537a 4500 | ||
|---|---|---|---|
| 999 |
_c8133 _d8133 |
||
| 003 | AR-CdUCM | ||
| 008 | 190322b ||||| |||| 00| 0 spa d | ||
| 020 | _a84-267-0428-x | ||
| 020 | _a0-442-23031-1 | ||
| 040 |
_aMUNICIPALIDAD PROVINCIAL DEL CUSCO _cBIBLIOTECA MUNICIPAL DEL CUSCO |
||
| 041 | _heng | ||
| 082 |
_22ed. _a697 / _bH16 |
||
| 100 |
_aHaines, Roger W. _922960 |
||
| 245 | _asistema de control para calefacción, ventilación y aire acondicionado / | ||
| 260 |
_aBarcelona : _bMarcombo boixareu, _c1981. |
||
| 300 |
_a286 páginas ; _c21 cm. |
||
| 500 | _aTitulo original: Control systems for heating, ventilating. | ||
| 505 | _aTeoría y terminología del control -- Dispositivos neumáticos -- Dispositivos eléctricos y electrónicos -- Dispositivos fluídicos --Reguladores de caudal ... | ||
| 650 |
_aSistemas eléctricos _922961 |
||
| 650 |
_aElectricidad _915840 |
||
| 700 |
_aBagaria Blanxart, Jorge _922962 |
||
| 942 |
_2ddc _cLIBROS |
||
| 945 | _aacv | ||